| 000 | 01507cam a22003977a 4500 | ||
|---|---|---|---|
| 003 | CHAP | ||
| 005 | 20220817043426.0 | ||
| 008 | 980318d1993 mx a r 00110 spa d | ||
| 010 | _a75037 | ||
| 011 | _a76009 | ||
| 035 | _a85585 | ||
| 040 | _cCHAP | ||
| 090 | _aFolleto 14940 | ||
| 100 | 0 | 0 |
_aAyón Ramos, Eduardo A. _99016 |
| 245 | 1 | 0 |
_aCotaxtla A-90 nueva variedad de arroz de temporal para la cuenca baja del Papaloapan y sur de Veracruz _c/por Eduardo A. Ayón Ramos y José L. García Angulo |
| 260 |
_aVeracruz, Ver. : _bINIFAP. Campo Experimental Cotaxtla. División Agrícola, _c1993. |
||
| 300 |
_a13 p. : _bilus. ; tablas ; gráfs. |
||
| 410 | 2 | 1 |
_aINIFAP. Campo Experimental Cotaxtla _bDivisión Agrícola |
| 490 | 0 |
_aFolleto técnico _v; 2 |
|
| 590 |
_aBATCH-UPD _b10 _c20130109 _lUCH01 _h2329 |
||
| 590 |
_aBATCH-UPD _b10 _c20130110 _lUCH01 _h1034 |
||
| 590 |
_aBATCH-UPD _b10 _c20130410 _lUCH01 _h0636 |
||
| 590 |
_aBATCH-UPD _b10 _c20130913 _lUCH01 _h2153 |
||
| 590 |
_aBATCH-UPD _b10 _c20130914 _lUCH01 _h1424 |
||
| 590 |
_aCONVERSION _b10 _c20130109 _lUCH01 _h1341 |
||
| 650 | 1 | 4 |
_aAgricultura de temporal. _91999 |
| 650 | 1 | 4 |
_aArroz _xVariedades. _97668 |
| 650 | 1 | 4 |
_aArroz _xVeracruz. _97672 |
| 700 | 0 |
_aGarcía Angulo, José Luis. _945714 |
|
| 810 | 0 | 0 |
_aINIFAP. Campo Experimental Cotaxtla _bDivisión Agrícola |
| 830 | 0 |
_aFolleto técnico _v; 2 _942067 |
|
| 901 | _aBK | ||
| 905 | _aAlejandra Carrasco M. | ||
| 942 | _cFOLL | ||
| 949 |
_aFolleto 14940 _bBC _cFOLL _d855851 _eTS1 _i85585 _sb |
||
| 999 |
_c75037 _d75037 |
||